| 000 | 01331nam a22003257a 4500 | ||
|---|---|---|---|
| 005 | 20240530110618.0 | ||
| 008 | 161205s2102 ua h g 000 0 ara d | ||
| 017 |
_a2012/14299 _bمصر . دار الكتب المصرية |
||
| 020 | _a9789771809111 | ||
| 040 | _aEG-CaGPL | ||
| 082 |
_221 _a922.71 _bق/خ م |
||
| 245 | 0 | 3 |
_aمن وثائق العائلات القبطية : _bقراءة في اوراق عائلة بطرس باشا غالي / _cخالد عزب (و اخ ...) |
| 260 |
_aالقاهرة : _bدار الكتب والوثائق القومية ، _c2012 |
||
| 300 |
_a589 ص. : _bصور ؛ _c24 سم. |
||
| 490 | 0 |
_aدراسات وثائقية ؛ _v6 |
|
| 600 | 0 | 7 |
_2qrmak _aبطرس غالي |
| 600 | 0 | 7 |
_2qrmak _aنجيب بطرس غالي |
| 600 | 0 | 7 |
_2qrmak _aواصف بطرس غالي |
| 600 | 0 | 7 |
_2qrmak _aيوسف بطرس غالي |
| 600 | 0 | 7 |
_2qrmak _aمريت نجيب بطرس غالي |
| 600 | 0 | 7 |
_2qrmak _aجفري نجيب بطرس غالي |
| 650 | 0 | 7 |
_2qrmak _aالانساب العربية |
| 650 | 0 | 7 |
_2qrmak _aالاقباط |
| 700 | 0 |
_aخالد عزب _eمعد |
|
| 700 | 0 |
_aايمن منصور _eمعد |
|
| 700 | 0 |
_aمحمد حجازي _eمعد |
|
| 700 | 0 |
_aرضوى علي _eمعد |
|
| 942 |
_2ddc _cBK |
||
| 999 |
_c62991 _d62991 |
||